age of empires all buildings in the game - Statistics

General Stats
  • This quiz has been taken 42 times
  • The average score is 24 of 37
Answer Stats
all buildings constructable % Correct
barracks
95%
house
95%
stable
95%
castle
92%
dock
89%
town center
89%
market
87%
farm
84%
siege workshop
84%
archery range
82%
blacksmith
82%
mill
82%
stone wall
82%
mining camp
79%
watch tower
79%
gate
76%
lumber camp
76%
university
76%
wonder
76%
guard tower
71%
palisade wall
71%
monastery
68%
keep
63%
outpost
61%
bombard tower
55%
palisade gate
55%
fortified wall
47%
krepost
47%
donjon
42%
feitoria
39%
fortified church
34%
mule cart
34%
caravanserai
32%
fish trap
32%
folwark
29%
fortified gate
29%
harbor
29%
No matching quizzes found
Score Distribution
Percent of People with Each Score
Percentile by Number Answered
Your Score History
You have not taken this quiz